Miedo y religión / (Record no. 196145)

MARC details
000 -LEADER
campo de control de longitud fija 01798nam a2200445 i 4500
001 - NÚMERO DE CONTROL
campo de control 196145
003 - IDENTIFICADOR DE NÚMERO DE CONTROL
campo de control ES-MaACL
005 - FECHA Y HORA DE LA ÚLTIMA TRANSACCIÓN
campo de control 20250822035019.0
008 - DATOS DE LONGITUD FIJA--INFORMACIÓN GENERAL
campo de control de longitud fija 240816s2002 sp | ||| ||spa
016 7# - NÚMERO DE CONTROL DE UNA AGENCIA BIBLIOGRÁFICA NACIONAL
Número de control del registro bimoBNE20030584557
Fuente SpMaBN
017 ## - NÚMERO DE COPYRIGHT O DE DEPÓSITO LEGAL
Número de copyright o de depósito legal M 54677-2002
Agencia que asigna Oficina Depósito Legal Madrid
020 ## - NÚMERO INTERNACIONAL ESTÁNDAR DEL LIBRO
Número Internacional Estándar del Libro 8479232951
035 ## - NÚMERO DE CONTROL DEL SISTEMA
Número de control de sistema (OCoLC)433032950
035 ## - NÚMERO DE CONTROL DEL SISTEMA
Número de control de sistema (SpMaBN)bimo0001866506
035 ## - NÚMERO DE CONTROL DEL SISTEMA
Número de control de sistema 991012981949708606
040 ## - FUENTE DE CATALOGACIÓN
Centro catalogador/agencia de origen SpMaBN
Lengua de catalogación spa
Centro/agencia transcriptor SpMaBN
Normas de descripción rdc
080 ## - NÚMERO DE LA CLASIFICACIÓN DECIMAL UNIVERSAL
Número de la Clasificación Decimal Universal 159.9:2
080 ## - NÚMERO DE LA CLASIFICACIÓN DECIMAL UNIVERSAL
Número de la Clasificación Decimal Universal 2:316.628
245 00 - MENCIÓN DEL TÍTULO
Título Miedo y religión /
Mención de responsabilidad, etc. Francisco Diez de Velasco (ed.).
250 ## - MENCION DE EDICION
Mención de edición 1ª ed.
260 ## - PUBLICACIÓN, DISTRIBUCIÓN, ETC.
Lugar de publicación, distribución, etc. Madrid :
Nombre del editor, distribuidor, etc. Ediciones del Orto,
Fecha de publicación, distribución, etc. 2002.
300 ## - DESCRIPCIÓN FÍSICA
Extensión 380 p. :
Dimensiones 24 cm.
336 ## - TIPO DE CONTENIDO
Fuente rdacontent
Término de tipo de contenido texto
337 ## - TIPO DE MEDIO
Fuente rdamedia
Nombre/término del tipo de medio sin mediación
338 ## - TIPO DE SOPORTE
Fuente rdacarrier
Nombre/término del tipo de soporte volumen
500 ## - NOTA GENERAL
Nota general "Selección y adaptación de las contribuciones del simposio "Milenio, miedo y religión" que se desarrolló en la Universidad de La Laguna del 3 al 6 de febrero de 2000"--P. [7]
504 ## - NOTA DE BIBLIOGRAFÍA, ETC.
Nota de bibliografía, etc. Incluye referencias bibliográficas
530 ## - NOTA DISPONIBLE DE FORMULARIO FÍSICO ADICIONAL
Nota de formato físico adicional disponible Versión digital en línea: https://fradive.webs.ull.es/artic/miedoyreligion.pdf
546 ## - NOTA DE IDIOMA
Nota de lengua/lenguaje Textos en español, francés e inglés.
650 #7 - PUNTO DE ACCESO ADICIONAL DE MATERIA--TÉRMINO DE MATERIA
Término de materia o nombre geográfico como elemento de entrada Psicología religiosa
Fuente del encabezamiento o término embne
9 (RLIN) 16571
650 #0 - PUNTO DE ACCESO ADICIONAL DE MATERIA--TÉRMINO DE MATERIA
Término de materia o nombre geográfico como elemento de entrada Miedo-
Subdivisión general Aspectos religiosos
Fuente del encabezamiento o término embne
9 (RLIN) 238380
700 1# - ENTRADA AGREGADA--NOMBRE PERSONAL
Nombre de persona Díez de Velasco, Francisco,
Fechas asociadas al nombre 1960-
9 (RLIN) 174249
Término indicativo de función/relación Editor literario
852 ## - LOCALIZACIÓN
Ubicación ES-MaACL
Sublocalización o colección R.153084
Ubicación en estantería Depósito J
Número de control de estantería N-9212
Donativo/Legado Donación: Francisco Díez de Velasco
Encuadernación Encuadernación rústica
itemnumber 205162
903 ## - NOMBRE PERSONAL DE DONANTE
9 174249
a Díez de Velasco, Francisco,
d 1960-
e Donante
942 ## - ELEMENTOS DE ENTRADA SECUNDARIOS (KOHA)
Tipo de ítem Koha Libro impreso
Suprimir en OPAC No
Holdings
Estatus retirado Estado de pérdida Fuente del sistema de clasificación o colocación Estado de daño No para préstamo Biblioteca de origen Biblioteca actual Ubicación en estantería Fecha de adquisición Fuente de adquisición Total de préstamos Signatura topográfica completa Código de barras Visto por última vez Precio de reemplazo Tipo de ítem Koha
    Clasificación decimal universal     Biblioteca del Ateneo de Madrid Biblioteca del Ateneo de Madrid Depósito J 30/04/2025 Donación   N-9212 101229952 30/04/2025 30/04/2025 Libro impreso